000 00443 a2200193 4500
001 140641
040 _cLeonardo Da Vinci
041 _aPortuguês
082 _aI F464t
_bF464t
100 _aFIALHO, Daniela
245 _aO tamanduá e as formigas
260 _bSeed
_c199-
300 _a16
362 _a199-0000
490 _aBicho falante
500 _aAlberto Naddeo(Ilustração)
697 _aLiteratura infantil
942 _cBK
999 _c140641
_d140641